[Event "MCR mladeze 2014, Open A"]
[Site "Kouty nad Desnou"]
[Date "2014.03.10"]
[Round "3"]
[White "Bartos, Vaclav"]
[Black "Peterson, Eric"]
[Result "0-1"]
[WhiteElo "1746"]
[BlackElo "2237"]
[PlyCount "50"]
[EventDate "2014.03.08"]

1. d4 e6 2. c4 d5 3. Nf3 Nf6 4. Bg5 c5 5. Nc3 cxd4 6. Nxd4 e5 7. Nf3 d4 8. Nd5
Nc6 9. e4 Be7 10. Bxf6 Bxf6 11. h3 Be6 {[%emt 0:00:00]} 12. Be2 O-O 13. O-O Rc8
14. Ne1 Bg5 15. Nd3 b6 16. a4 Qd6 17. Rb1 f5 18. f3 Na5 19. b3 Bxd5 20. cxd5
Be3+ 21. Kh2 Rc3 22. Rb2 Qg6 23. Nc1 Bf4+ 24. Kg1 Qg3 25. Nd3 Rc1 0-1

[Event "MCR mladeze 2014, Open A"]
[Site "Kouty nad Desnou"]
[Date "2014.03.10"]
[Round "3"]
[White "Haring, Viktor"]
[Black "Skorepa, Tomas"]
[Result "1-0"]
[WhiteElo "2109"]
[BlackElo "1783"]
[PlyCount "71"]
[EventDate "2014.03.08"]

1. e4 c5 2. Nf3 d6 3. d4 cxd4 4. Nxd4 Nf6 5. Nc3 a6 6. Be3 e6 7. Be2 Be7 8. f4
Qc7 9. g4 Nc6 10. g5 Nd7 11. Bf3 Rb8 12. a4 O-O 13. h4 Re8 14. h5 Bf8 15. Nb3
b6 16. Qe2 Bb7 17. g6 fxg6 18. hxg6 h6 19. O-O-O Nf6 20. Rhe1 Nb4 21. Nd4 e5
22. Nf5 Bc8 23. Qd2 Bxf5 24. exf5 Rbc8 25. Re2 Kh8 26. Kb1 Red8 27. Rh2 Rd7 28.
Nd5 Nfxd5 29. Bxd5 Nxd5 30. Qxd5 Qb7 31. Qd3 Ra8 32. f6 gxf6 33. f5 Qf3 34.
Rdh1 Kg8 35. Rh3 e4 36. Qd5+ 1-0

[Event "MCR mladeze 2014, Open A"]
[Site "Kouty nad Desnou"]
[Date "2014.03.10"]
[Round "3"]
[White "Zemkova, Klara"]
[Black "Walek, Petr"]
[Result "0-1"]
[WhiteElo "1730"]
[BlackElo "2070"]
[PlyCount "5"]
[EventDate "2014.03.08"]

1. e4 c5 2. Nf3 Nc6 3. Bb5 (3. d4 cxd4 4. Nxd4 Nf6 5. Nc3 e5 6. Ndb5 d6 7. Bg5
a6 8. Na3 b5 9. Nd5 Be7 10. Bxf6 Bxf6 11. Be2 Bg5 12. O-O O-O 13. c4 b4 14. Nc2
a5 15. f4 exf4 16. Nxf4 Bf6 17. Rb1 Re8 18. Bf3 Rb8 19. Nd5 Be5 20. Qd2 b3 21.
axb3 Rxb3 22. Qf2 Ba6 23. Bh5 Rf8 24. Bxf7+ Kh8 25. Qe2 Qh4 26. Qh5 Qxh5 27.
Bxh5 Rxf1+ 28. Rxf1 g6 29. Be2 Rxb2 30. Bd3 Bxc4 31. Bxc4 Rxc2 32. Bb5 Nd4 33.
Ba4 Ra2 34. Bd1 Kg7 35. Nc7 a4 36. h4 a3 37. Bg4 Ne2+ 38. Bxe2 Rxe2 39. Ne6+
Kh6 40. Ng5 Bd4+ 41. Kh2 a2 42. Nf7+ Kg7 43. Nxd6 Be5+) 0-1

[Event "MCR mladeze 2014, Open A"]
[Site "Kouty nad Desnou"]
[Date "2014.03.10"]
[Round "3"]
[White "Machalik, Marek"]
[Black "Sosovicka, Jakub"]
[Result "1/2-1/2"]
[WhiteElo "1949"]
[BlackElo "1677"]
[PlyCount "109"]
[EventDate "2014.03.08"]

1. e4 c5 2. Nc3 d6 3. f4 e6 4. Nf3 Nf6 5. d3 Be7 6. g3 O-O 7. Bg2 a6 8. O-O b5
9. h3 Bb7 10. Be3 d5 11. e5 Nfd7 12. Bf2 Nc6 13. Qd2 b4 14. Ne2 f6 15. exf6
Bxf6 16. d4 c4 17. c3 a5 18. Ne5 Ncxe5 19. fxe5 Be7 20. Nf4 Qb6 21. Qe2 Bg5 22.
Qg4 Bxf4 23. gxf4 Rf5 24. Rab1 Nf8 25. h4 Ng6 26. Be3 Raf8 27. h5 Ne7 28. Bh3
Bc8 29. Kh1 R5f7 30. Rg1 Nf5 31. Bf2 Qb7 32. Qg5 Kh8 33. Rbf1 Qe7 34. Qxe7 Nxe7
35. Be3 Nf5 36. Bd2 Bd7 37. cxb4 axb4 38. Bxb4 Ra8 39. Bxf5 Rxf5 40. Rg5 Rxa2
41. Bc3 Rf8 42. Rfg1 Rxf4 43. Kg2 Ra8 44. Kh3 Rf7 45. Kh4 Raf8 46. Bb4 Rf4+ 47.
R1g4 Rxg4+ 48. Rxg4 Rf5 49. Bc3 Be8 50. Rg5 Rxg5 51. Kxg5 h6+ 52. Kg4 g6 53.
hxg6 Bxg6 54. Bd2 Kg7 55. Be3 1/2-1/2

[Event "MCR mladeze 2014, Open A"]
[Site "Kouty nad Desnou"]
[Date "2014.03.10"]
[Round "3"]
[White "Liduch, Filip"]
[Black "Macek, Oldrich"]
[Result "1/2-1/2"]
[WhiteElo "1901"]
[BlackElo "1672"]
[PlyCount "80"]
[EventDate "2014.03.08"]

1. e4 e6 2. d4 d5 3. e5 c5 4. c3 Qb6 5. Nf3 Nc6 6. a3 Bd7 7. b4 cxd4 8. cxd4
Rc8 9. Be3 Nh6 10. Bd3 Ng4 11. O-O Be7 12. Nbd2 Nxe3 13. fxe3 Nb8 14. Rc1 O-O
15. Qe2 Ba4 16. Qf2 Rxc1 17. Rxc1 Nc6 18. Qg3 a5 19. b5 Na7 20. Rb1 Qd8 21. e4
Qd7 22. exd5 exd5 23. Nh4 Bxh4 24. Qxh4 h6 25. Nb3 Bxb3 26. Rxb3 Rc8 27. h3 a4
28. Rb4 Rc3 29. Rxa4 Rxd3 30. Rxa7 Qxb5 31. Ra8+ Kh7 32. Qf4 Rd1+ 33. Kh2 Qb1
34. Qxf7 Rh1+ 35. Kg3 Qd3+ 36. Qf3 Qg6+ 37. Kf2 Qc2+ 38. Qe2 Qf5+ 39. Qf3 Qc2+
40. Qe2 Qf5+ 1/2-1/2

[Event "MCR mladeze 2014, Open A"]
[Site "Kouty nad Desnou"]
[Date "2014.03.10"]
[Round "3"]
[White "Brozova, Renata"]
[Black "Novak, Jiri"]
[Result "1/2-1/2"]
[WhiteElo "1712"]
[BlackElo "1869"]
[PlyCount "110"]
[EventDate "2014.03.08"]

1. e4 e5 2. Nf3 Nc6 3. Bb5 a6 4. Ba4 Nf6 5. d3 b5 6. Bb3 Bc5 7. Bg5 d6 8. h3
Be6 9. Bxe6 fxe6 10. Nbd2 h6 11. Be3 Nd4 12. c3 Nxf3+ 13. Nxf3 Bxe3 14. fxe3 c5
15. O-O O-O 16. Qc2 Qb6 17. Kh2 Rac8 18. d4 cxd4 19. exd4 exd4 20. Qb3 Rfe8 21.
Nxd4 Nxe4 22. Rfe1 d5 23. Rxe4 dxe4 24. Re1 Qd6+ 25. Kg1 Qd5 26. g4 Rc7 27. Re3
g6 28. Kg2 Kh7 29. a4 Rc4 30. axb5 axb5 31. Qa2 Rxd4 32. Qa7+ Qd7 33. Qxd4 Qxd4
34. cxd4 Kg7 35. Rxe4 Kf6 36. d5 e5 37. Rb4 Rb8 38. Kf3 Ke7 39. Ke4 Kd6 40. Rb3
Rf8 41. Rxb5 Rf4+ 42. Ke3 h5 43. Rb6+ Kxd5 44. Rxg6 hxg4 45. Rxg4 Rf1 46. b4
Rb1 47. h4 Rb3+ 48. Kd2 e4 49. b5 Kd4 50. h5 Rxb5 51. Rh4 Rb2+ 52. Kc1 Rb7 53.
h6 Rh7 54. Kd2 Ke5 55. Ke3 Kf5 1/2-1/2

[Event "MCR mladeze 2014, Open A"]
[Site "Kouty nad Desnou"]
[Date "2014.03.10"]
[Round "3"]
[White "Sabolova, Kristyna"]
[Black "Kovarik, Matyas"]
[Result "1/2-1/2"]
[WhiteElo "1861"]
[BlackElo "1584"]
[PlyCount "96"]
[EventDate "2014.03.08"]

1. d4 Nf6 2. Nf3 g6 3. g3 Bg7 4. Bg2 O-O 5. O-O d6 6. b3 Nbd7 7. Bb2 c5 8. c4
Qc7 9. Nc3 a6 10. Qd2 cxd4 11. Nxd4 Nc5 12. e4 Bd7 13. f4 Ne6 14. Nf3 Rfd8 15.
h3 Rac8 16. Rac1 Nc5 17. Rfe1 e6 18. Qc2 Bc6 19. Nd4 Qb6 20. Kh2 Ng4+ 21. hxg4
Bxd4 22. Nd5 exd5 23. Bxd4 dxe4 24. Bxc5 dxc5 25. Bxe4 Re8 26. Rcd1 Bxe4 27.
Rxe4 Qc6 28. Rd5 Rxe4 29. Qxe4 Re8 30. Qf3 Qc7 31. Qf2 b6 32. Qd2 Qe7 33. Re5
Qd8 34. Rxe8+ Qxe8 35. Kg2 Qe6 36. g5 a5 37. Kf3 Qc6+ 38. Kf2 Qe6 39. Qe3 Qh3
40. Qe8+ Kg7 41. Qe5+ Kg8 42. Qb8+ Kg7 43. Qxb6 Qh2+ 44. Kf3 Qh1+ 45. Ke3 Qe1+
46. Kd3 Qd1+ 47. Ke4 Qd4+ 48. Kf3 Qd3+ 1/2-1/2

[Event "MCR mladeze 2014, Open A"]
[Site "Kouty nad Desnou"]
[Date "2014.03.10"]
[Round "3"]
[White "Luzikova, Nicola"]
[Black "Kotyk, Vaclav"]
[Result "1/2-1/2"]
[WhiteElo "1695"]
[BlackElo "1851"]
[PlyCount "50"]
[EventDate "2014.03.08"]

1. d4 Nf6 2. c4 g6 3. Nc3 d5 4. cxd5 Nxd5 5. e4 Nxc3 6. bxc3 Bg7 7. Bc4 c5 8.
Be3 Nc6 9. Ne2 O-O 10. O-O cxd4 11. cxd4 a6 12. Rc1 Na5 13. Bd3 b5 14. Qd2 Bb7
15. d5 e6 16. Bf4 Nc4 17. Bxc4 bxc4 18. dxe6 fxe6 19. Rxc4 a5 20. Qxd8 Raxd8
21. Be3 Ba6 22. Rc2 Bd3 23. Rd2 Bxe4 24. f3 Rxd2 25. Bxd2 Bd5 1/2-1/2

[Event "MCR mladeze 2014, Open A"]
[Site "Kouty nad Desnou"]
[Date "2014.03.10"]
[Round "3"]
[White "Ferkova, Dominika"]
[Black "Tuma, Jan"]
[Result "0-1"]
[WhiteElo "1590"]
[BlackElo "1835"]
[PlyCount "108"]
[EventDate "2014.03.08"]

1. d4 b5 2. e4 Bb7 3. Bd3 c5 4. dxc5 e6 5. Nf3 Bxc5 6. O-O Ne7 7. Nbd2 a6 8. e5
Ng6 9. Ne4 Be7 10. Bg5 O-O 11. Bxe7 Qxe7 12. Nd6 Bd5 13. Be4 Bxe4 14. Nxe4 Nc6
15. Qd6 Ncxe5 16. Nxe5 Qxd6 17. Nxd6 Nxe5 18. Rad1 Ra7 19. Rfe1 Nc4 20. Nxc4
bxc4 21. Rd6 Rc8 22. Red1 Rcc7 23. Rb6 Rcb7 24. Rxb7 Rxb7 25. b3 cxb3 26. axb3
d5 27. Ra1 Rb6 28. f4 Kf8 29. Kf2 Rc6 30. Ra2 Ke7 31. Ke3 Kd6 32. Kd4 f6 33. g3
e5+ 34. fxe5+ fxe5+ 35. Kd3 Rb6 36. Ra4 d4 37. Ke4 Rc6 38. Ra2 Ke6 39. h3 Kf6
40. h4 h5 41. Ra5 Rxc2 42. Rxa6+ Kf7 43. Kxe5 d3 44. Rd6 d2 45. Kf4 Rb2 46. Rd3
Kf6 47. Ke3 Kf5 48. Rxd2 Rxb3+ 49. Kf2 Kg4 50. Rd5 Rf3+ 51. Ke2 Rxg3 52. Rd4+
Kh3 53. Kf2 Rg4 54. Rd5 Kxh4 0-1

[Event "MCR mladeze 2014, Open A"]
[Site "Kouty nad Desnou"]
[Date "2014.03.10"]
[Round "3"]
[White "Kabelka, Ondrej"]
[Black "Bobek, Daniel"]
[Result "1-0"]
[WhiteElo "1673"]
[BlackElo "1707"]
[PlyCount "57"]
[EventDate "2014.03.08"]

1. e4 c6 2. c4 d5 3. exd5 cxd5 4. cxd5 Nf6 5. Qa4+ Nbd7 6. Nc3
a6 7. Nf3 Rb8 8. Qf4 b5 9. Ne5 Bb7 10. Nc6 e5 11. Qg3 Nh5 12. Qf3 Bxc6 13. dxc6
Ndf6 14. g4 Nf4 15. d4 Qxd4 16. c7 Rc8 17. Qc6+ Qd7 18. Qxa6 Qxc7 19. Bxb5+ Nd7
20. Bxf4 exf4 21. Rd1 Rd8 22. O-O Be7 23. Rfe1 O-O 24. Rxe7 Qc5 25. Rexd7 Qg5
26. h3 Rxd7 27. Rxd7 f3 28. Bf1 h5 29. Qb5 1-0

[Event "MCR mladeze 2014, Open A"]
[Site "Kouty nad Desnou"]
[Date "2014.03.10"]
[Round "3"]
[White "Dumkova, Daniela"]
[Black "Zilavy, Jan"]
[Result "0-1"]
[WhiteElo "1645"]
[BlackElo "1816"]
[PlyCount "90"]
[EventDate "2014.03.08"]

1. e4 e6 2. d4 d5 3. exd5 exd5 4. Bd3 Bd6 5. Ne2 c6 6. Bf4 Nf6
7. c3 O-O 8. O-O Re8 9. Bxd6 Qxd6 10. Ng3 Nbd7 11. Nd2 Nf8 12. Qc2 Ng6 13. Nf5
Qc7 14. Nf3 Nf4 15. Ne5 Nxd3 16. Qxd3 Ne4 17. Ne3 f6 18. Nf3 Be6 19. Nd2 Bf7
20. f3 Nxd2 21. Qxd2 Qf4 22. Rae1 Bg6 23. g3 Qc7 24. Ng2 Rxe1 25. Rxe1 Re8 26.
Nf4 Rxe1+ 27. Qxe1 Bf7 28. Qe3 Qd7 29. Kg2 g5 30. Nd3 Qe6 31. Qxe6 Bxe6 32. Kf2
Kf7 33. Ke3 Kg6 34. g4 h5 35. h3 b6 36. b4 Bc8 37. Nf2 Ba6 38. f4 Bf1 39. fxg5
Kxg5 40. Kf3 h4 41. a3 b5 42. Ke3 Bg2 43. Ke2 Kf4 44. Nd3+ Kg3 45. Nc5 Bxh3 0-1

[Event "MCR mladeze 2014, Open A"]
[Site "Kouty nad Desnou"]
[Date "2014.03.10"]
[Round "3"]
[White "Strakos, Tomas"]
[Black "Korsa, Jiri"]
[Result "0-1"]
[WhiteElo "1789"]
[BlackElo "1716"]
[PlyCount "64"]
[EventDate "2014.03.08"]

1. d4 g6 2. c4 Bg7 3. Nc3 d6 4. g3 Nc6 5. Bg2 Nxd4 6. e4 e5 7.
Be3 Ne6 8. Qd2 Ne7 9. h4 h5 10. f4 Nc6 11. O-O-O Ned4 12. fxe5 dxe5 13. Rf1 Be6
14. b3 Qd6 15. Nd5 Qa3+ 16. Qb2 Qxb2+ 17. Kxb2 O-O-O 18. Bg5 Rde8 19. Bh3 Bxh3
20. Nxh3 f5 21. exf5 Nxf5 22. Bf6 Bxf6 23. Nxf6 Nxg3 24. Nxe8
Nxf1 25. Rxf1 Rxe8 26. Rf6 Rd8 27. Rxg6 Rd4 28. Rg3 Rxh4 29. a3 Rg4 30. Re3 h4
31. Nf2 Rg2 32. Rh3 e4 {necitelny zapis} 0-1

[Event "MCR mladeze 2014, Open A"]
[Site "Kouty nad Desnou"]
[Date "2014.03.10"]
[Round "3"]
[White "Zuziak, Petr"]
[Black "Miklasova, Emma"]
[Result "1-0"]
[WhiteElo "1726"]
[BlackElo "1590"]
[PlyCount "64"]
[EventDate "2014.03.08"]

1. Nf3 d5 2. g3 c6 3. Bg2 Bg4 4. h3 Bh5 5. d3 Nd7 6. Nbd2 e6 7. O-O Ngf6 8. e4
h6 9. g4 Bg6 10. e5 Nh7 11. d4 Be7 12. Nh2 O-O 13. f4 f6 14. f5 Bf7 15. Ndf3
Qb6 16. Kh1 fxe5 17. Nxe5 Nxe5 18. dxe5 Bg5 19. Bxg5 Nxg5 20. h4 Nh7 21. Qd3
Qxb2 22. Nf3 Qb5 23. Qxb5 cxb5 24. Nd4 exf5 25. gxf5 a6 26. e6 Be8 27. e7 Rf6
28. Bxd5+ Bf7 29. Bxb7 Ra7 30. Bc8 Rxe7 31. Be6 Ra7 32. Rad1 Re7 {
necitelny zapis} 1-0

[Event "MCR mladeze 2014, Open A"]
[Site "Kouty nad Desnou"]
[Date "2014.03.11"]
[Round "4"]
[White "Kislinsky, Alexey"]
[Black "Vecera, Petr"]
[Result "1-0"]
[WhiteElo "2500"]
[BlackElo "2068"]
[PlyCount "69"]
[EventDate "2014.??.??"]

1. e4 e5 2. Nf3 Nc6 3. d4 exd4 4. Nxd4 Nf6 5. Nxc6 bxc6 6. Qe2 Bb4+ 7. c3 Be7
8. e5 Nd5 9. Nd2 O-O 10. g3 f6 11. Bg2 fxe5 12. O-O d6 13. c4 Nf6 14. Bxc6 Rb8
15. Ne4 Nxe4 16. Bd5+ Kh8 17. Bxe4 Bf5 18. Bxf5 Rxf5 19. Be3 Rb7 20. b3 Bg5 21.
Qg4 g6 22. Qe4 Rb8 23. Bxa7 Ra8 24. Be3 Bxe3 25. Qxe3 Qf6 26. Qe2 Rf8 27. Rad1
Rf3 28. Rd3 e4 29. Re3 Rxe3 30. fxe3 Qg7 31. Rxf8+ Qxf8 32. Qf1 Qg7 33. Qd1 Kg8
34. Qd5+ Kf8 35. Qd4 1-0

[Event "MCR mladeze 2014, Open A"]
[Site "Kouty nad Desnou"]
[Date "2014.03.11"]
[Round "4"]
[White "Havlik, Jindrich"]
[Black "Moravec, Vit"]
[Result "1/2-1/2"]
[WhiteElo "2117"]
[BlackElo "2179"]
[PlyCount "101"]
[EventDate "2014.??.??"]

1. e4 c5 2. Nf3 d6 3. d4 cxd4 4. Nxd4 Nf6 5. Nc3 g6 6. Bc4 Bg7 7. f3 O-O 8. Be3
Nc6 9. Bb3 Bd7 10. Qd2 Rc8 11. O-O-O Nxd4 12. Bxd4 b5 13. h4 a5 14. h5 a4 15.
Bxf6 exf6 16. Bd5 a3 17. hxg6 hxg6 18. Bb3 f5 19. Qxd6 Be6 20. Qh2 Qg5+ 21. f4
axb2+ 22. Kb1 Qh5 23. Qxh5 gxh5 24. Nd5 Bxd5 25. exd5 Rfe8 26. Rxh5 Re2 27.
Rxf5 Rd8 28. d6 Rxd6 29. Bxf7+ Kh7 30. Rh1+ Rh6 31. Rxh6+ Bxh6 32. Rxb5 Rxg2
33. Rh5 Kg7 34. Rxh6 Kxh6 35. f5 Kg5 36. Be6 Kf6 37. Kxb2 Ke5 38. a4 Kd6 39.
Kb3 Rf2 40. Kc3 Rf4 41. Kb3 Kc5 42. c3 Kb6 43. Kc2 Kc5 44. a5 Ra4 45. f6 Kd6
46. f7 Ke7 47. Kb3 Rxa5 48. Kb4 Re5 49. Bb3 Rf5 50. Bc4 Kd6 51. Bb3 1/2-1/2

[Event "MCR mladeze 2014, Open A"]
[Site "Kouty nad Desnou"]
[Date "2014.03.11"]
[Round "4"]
[White "Horak, Jiri"]
[Black "Haring, Filip"]
[Result "1/2-1/2"]
[WhiteElo "2150"]
[BlackElo "1791"]
[PlyCount "70"]
[EventDate "2014.??.??"]

1. d4 Nf6 2. Nf3 e6 3. c4 Bb4+ 4. Bd2 c5 5. Bxb4 cxb4 6. Nbd2 O-O 7. g3 d6 8.
Bg2 Nc6 9. O-O e5 10. e3 Bg4 11. Qa4 a5 12. Rac1 Qe7 13. d5 Nb8 14. c5 e4 15.
cxd6 Qxd6 16. Ng5 Qxd5 17. Ngxe4 Nxe4 18. Nxe4 Qe5 19. Qc2 Na6 20. f4 Qe7 21.
f5 f6 22. h3 Bh5 23. b3 Bf7 24. Qf2 Rfe8 25. Rfd1 Rad8 26. Qf4 h6 27. Kf2 Rxd1
28. Rxd1 Nc5 29. Nxc5 Qxc5 30. Rd2 Qc1 31. Qd4 b5 32. g4 Qc3 33. Rd3 Qc2+ 34.
Rd2 Qc1 35. Rd1 Qc2+ 1/2-1/2

[Event "MCR mladeze 2014, Open A"]
[Site "Kouty nad Desnou"]
[Date "2014.03.11"]
[Round "4"]
[White "Walek, Petr"]
[Black "Vojta, Tomas"]
[Result "1-0"]
[WhiteElo "2070"]
[BlackElo "2343"]
[PlyCount "67"]
[EventDate "2014.??.??"]

1. e4 c5 2. Nf3 d6 3. d4 cxd4 4. Nxd4 Nf6 5. Nc3 a6 6. Bg5 Nbd7 7. f4 Qa5 8.
Qf3 g6 9. O-O-O Bg7 10. Bc4 O-O 11. h3 Qc7 12. Bb3 Nc5 13. Bxf6 Nxb3+ 14. Nxb3
exf6 15. Nd5 Qd8 16. f5 Bd7 17. Rd4 Re8 18. Rhd1 Rc8 19. Kb1 Bc6 20. Nc3 Bf8
21. Nc1 Re5 22. Qg4 d5 23. Nd3 Qc7 24. exd5 Bd7 25. d6 Bxd6 26. Rxd6 Bxf5 27.
Qd4 Re2 28. Rc1 Rxg2 29. Nf4 Rf2 30. Ka1 Rxc2 31. Rxc2 Bxc2 32. Nfd5 Qc4 33.
Ne7+ Kg7 34. Nxc8 1-0

[Event "MCR mladeze 2014, Open A"]
[Site "Kouty nad Desnou"]
[Date "2014.03.11"]
[Round "4"]
[White "Peterson, Eric"]
[Black "Haring, Viktor"]
[Result "1-0"]
[WhiteElo "2237"]
[BlackElo "2109"]
[PlyCount "119"]
[EventDate "2014.??.??"]

1. e4 c5 2. d4 cxd4 3. c3 Nf6 4. e5 Nd5 5. Nf3 e6 6. cxd4 d6 7. Bc4 Nc6 8. O-O
Be7 9. Bd2 Qc7 10. Nc3 Nb6 11. Nb5 Qb8 12. Bd3 a6 13. exd6 Bxd6 14. Nc3 h6 15.
Rc1 Nb4 16. Bb1 N4d5 17. Re1 Nf6 18. Ne5 O-O 19. Qf3 Nbd7 20. Bf4 Rd8 21. Ne4
Nxe4 22. Bxe4 Nxe5 23. dxe5 Bf8 24. Rxc8 Rxc8 25. Bxb7 Ra7 26. Bxc8 Qxc8 27.
Qg3 Kh8 28. Bd2 Rd7 29. Bc3 Qc4 30. Qf3 Bb4 31. g3 Bxc3 32. Qxc3 Qxc3 33. bxc3
Rd2 34. a4 Rc2 35. Re3 Kg8 36. Kg2 Kf8 37. Kf3 Ke7 38. Rd3 a5 39. h4 f6 40.
exf6+ gxf6 41. Ke3 Ra2 42. Rd4 e5 43. Rc4 Kd6 44. f3 Kd5 45. Rg4 Rc2 46. Kd3
Rf2 47. c4+ Kc5 48. Ke4 Ra2 49. Rg6 Kxc4 50. Rxf6 Re2+ 51. Kf5 Kb4 52. Rxh6
Kxa4 53. Ra6 Re3 54. g4 Rxf3+ 55. Kxe5 Kb5 56. Ra8 a4 57. h5 a3 58. h6 Rh3 59.
g5 Kc6 60. Ke6 1-0

[Event "MCR mladeze 2014, Open A"]
[Site "Kouty nad Desnou"]
[Date "2014.03.11"]
[Round "4"]
[White "Simunek, Filip"]
[Black "Hrdina, Robin"]
[Result "0-1"]
[WhiteElo "2176"]
[BlackElo "2076"]
[PlyCount "69"]
[EventDate "2014.03.08"]

1. d4 Nf6 2. Nf3 e6 3. c4 b6 4. a3 Bb7 5. Nc3 d5 6. cxd5 Nxd5 7. Qc2 Nxc3 8.
bxc3 Be7 9. e4 c5 10. Bd3 O-O 11. O-O Qc7 12. Qe2 Nd7 13. e5 h6 14. Be3 Rfd8
15. Nd2 Rac8 16. Qg4 Nxe5 17. dxe5 Rxd3 18. Nc4 Kf8 19. Rac1 Qc6 20. Nb2 Rd7
21. c4 Qe4 22. Qxe4 Bxe4 23. f4 Rcd8 24. a4 Bc6 25. Rc3 f5 26. h3 Bh4 27. a5
Rd2 28. Bxd2 Rxd2 29. Nd1 Rxg2+ 30. Kh1 Rd2+ 31. Kg1 Bg2 32. Ne3 Bxf1 33. Kxf1
Rb2 34. axb6 axb6 35. Ra3 {necitelny zapis} 0-1

[Event "MCR mladeze 2014, Open A"]
[Site "Kouty nad Desnou"]
[Date "2014.03.11"]
[Round "4"]
[White "Richterova, Natasa"]
[Black "Malinovsky, Petr"]
[Result "1/2-1/2"]
[WhiteElo "2036"]
[BlackElo "2008"]
[PlyCount "100"]
[EventDate "2014.03.08"]

1. e4 c5 2. Nf3 e6 3. b3 a6 4. Bb2 Nc6 5. c4 Qc7 6. g3 Nf6 7. Nc3 Be7 8. Bg2
Rb8 9. O-O b5 10. d3 b4 11. Nd5 exd5 12. cxd5 Nd4 13. d6 Bxd6 14. e5 Bxe5 15.
Nxe5 O-O 16. Nf3 Nxf3+ 17. Bxf3 Qd8 18. Rc1 d6 19. d4 Bh3 20. Re1 Rc8 21. Qd2
Re8 22. Rxe8+ Nxe8 23. Rd1 a5 24. dxc5 Rxc5 25. Qd4 Qg5 26. Qe4 Rc8 27. Re1 h5
28. Qd3 h4 29. Bb7 hxg3 30. hxg3 Bf5 31. Qd4 Rd8 32. Bg2 Nf6 33. Bc1 Qg4 34.
Qb6 Re8 35. Be3 Be4 36. Qxd6 Bxg2 37. Kxg2 Qe4+ 38. Kg1 Qf3 39. Qd1 Qc6 40. Qc1
Qe6 41. Qd1 Qc6 42. Qd3 Ng4 43. Rc1 Qe6 44. Re1 Ne5 45. Qe2 Qc6 46. Rc1 Qe4 47.
Qc2 Nf3+ 48. Kf1 Nh2+ 49. Kg1 Nf3+ 50. Kf1 Nh2+ 1/2-1/2

[Event "MCR mladeze 2014, Open A"]
[Site "Kouty nad Desnou"]
[Date "2014.03.11"]
[Round "4"]
[White "Vaculik, Jakub"]
[Black "Bocek, Tadeas"]
[Result "1/2-1/2"]
[WhiteElo "2026"]
[BlackElo "1811"]
[PlyCount "51"]
[EventDate "2014.03.08"]

1. d4 d5 2. Nf3 Nf6 3. c4 e6 4. Nc3 Be7 5. Qc2 b6 6. Bf4 c6 7. e3 O-O 8. Bd3
Nbd7 9. O-O Bb7 10. Rfd1 Rc8 11. cxd5 cxd5 12. Rac1 h6 13. Qa4 a6 14. Rd2 b5
15. Qd1 Qb6 16. Rdc2 Rc6 17. a4 b4 18. Ne2 Rfc8 19. Rxc6 Rxc6 20. Rxc6 Bxc6 21.
b3 Nh5 22. Bb1 Nxf4 23. Nxf4 Bd6 24. g3 Bb7 25. Qc1 a5 26. Bd3 1/2-1/2

[Event "MCR mladeze 2014, Open A"]
[Site "Kouty nad Desnou"]
[Date "2014.03.11"]
[Round "4"]
[White "Tuma, Jan"]
[Black "Pycha, Patrik"]
[Result "0-1"]
[WhiteElo "1835"]
[BlackElo "1997"]
[PlyCount "194"]
[EventDate "2014.03.08"]

1. e4 e6 2. c4 e5 3. Nf3 Nc6 4. d4 exd4 5. Nxd4 Bc5 6. Be3 Qf6
7. Nf5 Bxe3 8. Nxe3 Qxb2 9. Nd2 Nf6 10. Bd3 Nb4 11. Be2 Qe5 12. O-O O-O 13. Qb1
Na6 14. Bd3 d6 15. Nd5 Nxd5 16. exd5 g6 17. Re1 Qf4 18. Ne4 f5 19. Ng3 Qh4 20.
Qc2 Nc5 21. Bf1 Bd7 22. Qc3 b6 23. Re2 Rae8 24. Rae1 Qd8 25. Qd4 Rxe2 26. Rxe2
Re8 27. Rxe8+ Qxe8 28. f4 a5 29. Be2 Ba4 30. h4 Qf7 31. h5 Qg7 32. Qc3 Kf7 33.
Kh2 Qf6 34. Nf1 Qh4+ 35. Kg1 Qe7 36. Qd2 Nd7 37. Nh2 Nf6 38. Nf3 Bd7 39. Ng5+
Kg7 40. Qb2 Qe3+ 41. Kh1 h6 42. Nh7 Qe7 43. hxg6 Kxg6 44. Nxf6 Qxf6 45. Bh5+
Kg7 46. Qf2 Kh7 47. Qg3 Ba4 48. Qe1 Bd7 49. Kg1 c6 50. a3 cxd5 51. cxd5 Qd4+
52. Kh1 Qe4 53. Qh4 Be8 54. Bxe8 Qxe8 55. Kg1 Qf7 56. Qd8 Qxd5 57. Qe7+ Kg6 58.
Qe8+ Qf7 59. Qc6 Qe6 60. Qxb6 Qe1+ 61. Kh2 Qd2 62. Kh1 Qc1+ 63. Kh2 Qxf4+ 64.
g3 Qd2+ 65. Kh3 Qd4 66. Qb1 a4 67. Qe1 Qe4 68. Qc1 Qf3 69. Qe1 Kf6 70. Qa1+ Ke6
71. Kh2 Qh5+ 72. Kg2 Qe2+ 73. Kh3 d5 74. Qh8 Qg4+ 75. Kg2 h5 76. Qe8+ Kd6 77.
Qb8+ Kc5 78. Qa7+ Kb5 79. Qd7+ Kc4 80. Qxa4+ Kd3 81. Qb3+ Ke4 82. Qc2+ Ke5 83.
Qc7+ Kd4 84. Qb6+ Kc3 85. Qa5+ Kc2 86. Qc5+ Qc4 87. Qf2+ Kb3 88. Qxf5 Kxa3 89.
Qxh5 d4 90. Qa5+ Kb2 91. Qb6+ Kc2 92. Qg6+ d3 93. g4 Qd5+ 94. Kf2 Qd4+ 95. Kf3
Kb2 96. Qf5 d2 97. Qb5+ Kc2 0-1

[Event "MCR mladeze 2014, Open A"]
[Site "Kouty nad Desnou"]
[Date "2014.03.11"]
[Round "4"]
[White "Melichar, Vojtech"]
[Black "Brozova, Renata"]
[Result "1-0"]
[WhiteElo "1952"]
[BlackElo "1712"]
[PlyCount "49"]
[EventDate "2014.03.08"]

1. e4 c6 2. d4 d5 3. exd5 cxd5 4. c4 Nf6 5. Nc3 e6 6. Nf3 Be7 7. Bd3 Nc6 8. O-O
O-O 9. Re1 Nb4 10. Bf1 dxc4 11. Bxc4 Qc7 12. Qe2 Re8 13. Bg5 Bd7 14. Rac1 Nc6
15. Bh4 a6 16. Bd3 Rac8 17. h3 Qb6 18. Bb1 Nxd4 19. Nxd4 Qxd4 20. Bxf6 Qxf6 21.
Qd3 g6 22. Qxd7 Red8 23. Nd5 Rxc1 24. Nxf6+ Bxf6 25. Qxd8+ 1-0

[Event "MCR mladeze 2014, Open A"]
[Site "Kouty nad Desnou"]
[Date "2014.03.11"]
[Round "4"]
[White "Kovarik, Matyas"]
[Black "Machalik, Marek"]
[Result "0-1"]
[WhiteElo "1584"]
[BlackElo "1949"]
[PlyCount "120"]
[EventDate "2014.03.08"]

1. e4 d5 2. exd5 Nf6 3. d4 Nxd5 4. Nf3 Bg4 5. c4 Nb6 6. c5 N6d7 7. Bc4 e6 8.
Nc3 Nc6 9. Be3 Be7 10. h3 Bh5 11. g4 Bg6 12.
a3 Nf6 13. Qa4 O-O 14. O-O-O Ne4 15. Bd3 Nxc3 16. bxc3 Bxd3 17. Rxd3 Qd7 18.
Qc2 Rfd8 19. Rdd1 b6 20. c4 bxc5 21. d5 exd5 22. Rxd5 Qe6 23. Bxc5 Rxd5 24.
cxd5 Qxd5 25. Bxe7 Qxf3 26. Re1 Qf4+ 27. Qd2 Qxd2+ 28. Kxd2 Re8 29. Bc5 Rxe1
30. Kxe1 a6 31. Ke2 f6 32. f4 Kf7 33. Kd3 Ke6 34. Ke4 Ne7 35. f5+ Kd7 36. Bb4
g6 37. fxg6 hxg6 38. Bc5 Ke6 39. Bb4 Nd5 40. Bc5 f5+ 41. gxf5+ gxf5+ 42. Kf3
Ke5 43. h4 Nf6 44. Be7 Nh5 45. Ke3 Kd5 46. Kd3 c6 47. Bg5 c5 48. Bh6 Ng3 49.
Bf4 Nh5 50. Bh6 c4+ 51. Kc3 f4 52. Bg5 f3 53. Be3 Ng3 54. Kc2 Ke4 55. Bf2 Nh5
56. Kc3 Kd5 57. Kc2 Nf6 58. Be3 Ng4 59. Kd2 Nxe3 60. Kxe3 c3 0-1

[Event "MCR mladeze 2014, Open A"]
[Site "Kouty nad Desnou"]
[Date "2014.03.11"]
[Round "4"]
[White "Sosovicka, Jakub"]
[Black "Liduch, Filip"]
[Result "0-1"]
[WhiteElo "1677"]
[BlackElo "1901"]
[PlyCount "54"]
[EventDate "2014.03.08"]

1. e4 e5 2. Nf3 Nc6 3. Bb5 a6 4. Ba4 Nf6 5. d3 Bc5 6. c3 d6 7. Nbd2 O-O 8. Nf1
b5 9. Bc2 d5 10. Qe2 Be6 11. Ng3 dxe4 12. Nxe4 Nxe4 13. Qxe4 Bd5 14. Qe2 Re8
15. O-O e4 16. Ng5 h6 17. Nh3 exd3 18. Qxd3 Be4 19. Qd1 Qxd1 20. Bxd1 Bd3 21.
Bf3 Bxf1 22. Kxf1 Rad8 23. Bf4 Ne5 24. Bxe5 Rxe5 25. Nf4 Rd2 26. Rd1 Rxf2+ 27.
Kg1 Rxf3+ 0-1

[Event "MCR mladeze 2014, Open A"]
[Site "Kouty nad Desnou"]
[Date "2014.03.11"]
[Round "4"]
[White "Novak, Jiri"]
[Black "Luzikova, Nicola"]
[Result "1-0"]
[WhiteElo "1869"]
[BlackElo "1695"]
[PlyCount "95"]
[EventDate "2014.03.08"]

1. c4 e6 2. g3 d5 3. Bg2 c6 4. cxd5 exd5 5. d4 Bf5 6. Nf3 h6 7. Bf4 Bd6 8. Qc1
Nf6 9. O-O Qc7 10. Qe3+ Be6 11. Ne5 g5 12. Bxg5 hxg5 13. Qxg5 Bxe5 14. dxe5 Ng4
15. e4 dxe4 16. Bxe4 Qxe5 17. Qxe5 Nxe5 18. Re1 Nbd7 19. f4 f5 20. Bh1 Ng4 21.
Rxe6+ Kf7 22. Re2 Rh6 23. Nd2 Re8 24. Rxe8 Kxe8 25. Re1+ Kd8 26. Nf3 Rh8 27.
Nh4 Rf8 28. Bf3 Nh6 29. Re6 Ng8 30. Bd1 Ne7 31. Bc2 Nb6 32. Rxe7 Kxe7 33. Ng6+
Kf7 34. Nxf8 Kxf8 35. Bxf5 Nc4 36. b3 Ne3 37. Bd3 Nd5 38. a4 Nc3 39. Kf2 b5 40.
axb5 cxb5 41. Ke3 b4 42. Kd4 a5 43. g4 a4 44. bxa4 Nxa4 45. h4 b3 46. h5 Nb6
47. g5 Nd7 48. f5 1-0